000 00528nam a2200169Ia 4500
008 190805s9999||||xx |||||||||||||| ||und||
020 _a9780713678574
_cRs. 1599.00
082 0 4 _a604.202462387
_bB3881
100 1 _aBeck, H. G.
245 1 0 _aReed's Engineering Drawing for Marine Engineers /
_cH. G. Beck
260 _aLondon :
_bBloomsbury,
_c2015
300 _a169 p.
_b : ill.
_c; 21 cm.
490 0 0 _aReed's Marine Engineering Series ;
_vVol. 11
650 0 _aEngineering drawings
942 _cBK
999 _c257
_d257